Statistics for Milwaukee Bucks All-Decade Teams

Click here to take the quiz!

General Stats

  • This quiz has been taken 47 times
    (14 since last reset)
  • The average score is 20 of 30

Answer Stats

DecadePositionYearsWSPlayer% Correct
2010sPF/SF2014-201953.2Giannis Antetokounmpo
100%
2020sPF2020-202446.0Giannis Antetokounmpo
100%
1970sC1970-1975114.7Kareem Abdul-Jabbar
93%
2000sSG2000-200337.0Ray Allen
93%
2020sC2020-202425.4Brook Lopez
86%
1990sPF/C1990-199313.9Fred Roberts
86%
2020sPG2021-202320.2Jrue Holiday
86%
1990sSG1990-199320.4Alvin Robertson
79%
1990sSF1995-199918.6Glenn Robinson
79%
2010sSF/SG2014-201930.1Khris Middleton
79%
2020sSF2020-202424.9Khris Middleton
79%
1970sPG1971-197435.0Oscar Robertson
79%
1980sSG/PG1980-198988.5Sidney Moncrief
79%
1980sSF1980-198448.2Marques Johnson
71%
2000sSG/SF2001-200954.4Michael Redd
71%
1980sPF/SF1985-198939.8Terry Cummings
71%
1970sSF1970-197762.6Bob Dandridge
64%
1970sPF/SF1970-197214.1Greg Smith
57%
1970sSG1970-197635.4Jon McGlocklin
57%
1990sPF/C1994-199724.7Vin Baker
57%
2000sC/PF2006-200917.0Andrew Bogut
50%
2010sPG2010-201319.5Brandon Jennings
50%
1980sSG/SF1983-198942.5Paul Pressey
50%
1980sC1980-198425.5Bob Lanier
43%
2020sSF/SG2020-202416.7Pat Connaughton
43%
2010sPF2010-2015, 201931.3Ersan Ilyasova
36%
2010sC/PF2013-201919.3John Henson
36%
2000sPG2000-200335.8Sam Cassell
29%
2000sSF/PF2000-200416.6Tim Thomas
29%
1990sPG1990-199222.0Jay Humphries
21%

Score Distribution

Percentile by Number Answered

Percent of People with Each Score

Your Score History

You have not taken this quiz since the last reset